01036cam a2200229 a 450000100100000000500170001000800410002704000250006808200210009324501030011426001470021730000280036449000650039250000580045750400280051560000360054365000250057965000270060465100570063170000500068883000680073800000714220200929154058.0890207s1987 ec a b f001 p spa  aDO-SdBNPbspacBNPHU a923.59866bV297E00aVargas Torres en la poesía y en la prosa /cantología compilada por Nelson Estupiñán Bass. aQuito, Ecuador :bComisión Nacional Permanente de Conmemoraciones Cívicas :bCasa de la Cultura Ecuatoriana "Benjamín Carrión",c1987. a140 p. :bil. ;c18 cm.1 aCasa de la Cultura Ecuatoriana "Benjamín Carrión"vno. 3 aPrimer centenario de la Muerte de Luis Vargas Torres. aBibliografía: p. 137.14aVARGAS TORRES, LUIS,d1855-1887 4aPoesía ecuatoriana 4aLiteratura ecuatoriana 4aEcuadorxHistoriay1830-1895xColecciones Literarias1 aEstupiñán Bass, Nelson,d1912-2002ecomp. 0aCasa de la Cultura Ecuatoriana "Benjamín Carrión" ;vno. 3.